مكتبة جامعة عجلون الوطنية

فهرس بحث المكتبة

Normal view MARC view
  • عبيد، إسحاق تاوضروس

Entry Personal Name

Number of records used in: 1

001 - CONTROL NUMBER

  • control field: 18820

003 - CONTROL NUMBER IDENTIFIER

  • control field: JO-AjAnu

005 - DATE AND TIME OF LATEST TRANSACTION

  • control field: 20230606073310.0

008 - FIXED-LENGTH DATA ELEMENTS

  • fixed length control field: 230606|| aca||aabn | a|a d

040 ## - CATALOGING SOURCE

  • Original cataloging agency: JO-AjAnu
  • Transcribing agency: JO-AjAnu

100 ## - HEADING--PERSONAL NAME

  • Personal name: عبيد، إسحاق تاوضروس

670 ## - SOURCE DATA FOUND

  • Source citation: Work cat.: (JO-AjAnu)9659: عبيد، إسحاق تاوضروس, author, روما وبيزنطة من قطيعة فوشيوس حتى الغزو اللاتيني لمدينة قسطنطين 869-1204